[Event "Atviras BTA Lietuvos RAPID 2021"]
[Site "Vilnius, Lithuania"]
[Date "2021.07.17"]
[Round "6.1"]
[White "Laurusas, Tomas"]
[Black "Narmontas, Tauras"]
[Result "1-0"]
[WhiteElo "2552"]
[BlackElo "2222"]
[PlyCount "75"]

1. d4 {[%emt 0:00:02]} Nf6 {[%emt 0:00:03]} 2. c4 {[%emt 0:00:01]} e6 {[%emt 0:
00:05]} 3. Nf3 {[%emt 0:00:02]} d5 {[%emt 0:00:02]} 4. Nc3 {[%emt 0:00:01]} Be7
{[%emt 0:00:16]} 5. Bg5 {[%emt 0:00:03]} h6 {[%emt 0:00:17]} 6. Bh4 {[%emt 0:
00:02]} O-O {[%emt 0:00:28]} 7. Qc2 {[%emt 0:00:04]} Nbd7 {[%emt 0:00:14]} 8.
e3 {[%emt 0:00:02]} c5 {[%emt 0:00:58]} 9. Rd1 {[%emt 0:00:07]} Qa5 {[%emt 0:
02:04]} 10. a3 {[%emt 0:00:05]} Re8 {[%emt 0:01:15]} 11. Bd3 {[%emt 0:01:27]}
cxd4 {[%emt 0:00:59]} 12. Nxd4 {[%emt 0:00:02]} dxc4 {[%emt 0:00:13]} 13. Bxc4
{[%emt 0:00:02]} Nb6 {[%emt 0:00:38]} 14. Bb5 {[%emt 0:00:04]} Bd7 {[%emt 0:00:
11]} 15. Nb3 {[%emt 0:00:04]} Qxc3+ {[%emt 0:00:55]} 16. Qxc3 {[%emt 0:00:03]}
Bxb5 {[%emt 0:00:02]} 17. Bxf6 {[%emt 0:01:44]} Bxf6 {[%emt 0:00:03]} 18. Qb4 {
[%emt 0:00:01]} Ba4 {[%emt 0:01:21]} 19. O-O {[%emt 0:00:45]} Bxb2 {[%emt 0:00:
28]} 20. Nc5 {[%emt 0:00:15]} Bxd1 {[%emt 0:00:08]} 21. Qxb2 {[%emt 0:00:26]}
Bh5 {[%emt 0:00:12]} 22. Nxb7 {[%emt 0:00:06]} Rab8 {[%emt 0:00:03]} 23. Qb5 {
[%emt 0:00:29]} Nd5 {[%emt 0:00:29]} 24. Qa6 {[%emt 0:00:17]} Re7 {[%emt 0:00:
30]} 25. Nd6 {[%emt 0:00:14]} Rb6 {[%emt 0:00:07]} 26. Qc8+ {[%emt 0:00:02]}
Kh7 {[%emt 0:00:00]} 27. Nc4 {[%emt 0:00:34]} Rbb7 {[%emt 0:00:14]} 28. Ne5 {
[%emt 0:00:12]} Rec7 {[%emt 0:00:02]} 29. Qd8 {[%emt 0:00:12]} f6 {[%emt 0:00:
10]} 30. g4 {[%emt 0:00:17]} Bf7 {[%emt 0:00:07]} 31. Nxf7 {[%emt 0:00:28]}
Rxf7 {[%emt 0:00:01]} 32. Rc1 {[%emt 0:00:02]} Rfd7 {[%emt 0:00:02]} 33. Qf8 {
[%emt 0:00:06]} Ne7 {[%emt 0:00:08]} 34. Qf7 {[%emt 0:00:18]} e5 {[%emt 0:00:
10]} 35. Qe6 {[%emt 0:00:02]} Ng6 {[%emt 0:00:05]} 36. Qf5 {[%emt 0:00:01]}
Rbc7 {[%emt 0:00:07]} 37. Rxc7 {[%emt 0:00:12]} Rxc7 {[%emt 0:00:00]} 38. h4 {
[%emt 0:00:01]} 1-0

[Event "Atviras BTA Lietuvos RAPID 2021"]
[Site "Vilnius, Lithuania"]
[Date "2021.07.17"]
[Round "6.2"]
[White "Pultinevicius, Paulius"]
[Black "Mecelica, Erikas"]
[Result "1-0"]
[WhiteElo "2519"]
[BlackElo "1893"]
[PlyCount "85"]

1. d4 {[%emt 0:00:01]} d5 {[%emt 0:00:05]} 2. c4 {[%emt 0:00:02]} c6 {[%emt 0:
00:01]} 3. Nf3 {[%emt 0:00:04]} e6 {[%emt 0:00:03]} 4. Qc2 {[%emt 0:00:13]} f5
{[%emt 0:00:10]} 5. g3 {[%emt 0:00:01]} Nf6 {[%emt 0:00:02]} 6. Bg2 {[%emt 0:
00:01]} Bd6 {[%emt 0:00:20]} 7. O-O {[%emt 0:00:02]} O-O {[%emt 0:00:03]} 8.
Nc3 {[%emt 0:00:01]} Ne4 {[%emt 0:00:08]} 9. Rb1 {[%emt 0:00:08]} Nd7 {[%emt 0:
00:25]} 10. b4 {[%emt 0:00:07]} a6 {[%emt 0:00:19]} 11. a4 {[%emt 0:00:03]}
Ndf6 {[%emt 0:00:07]} 12. b5 {[%emt 0:00:08]} Nxc3 {[%emt 0:00:08]} 13. Qxc3 {
[%emt 0:00:01]} Ne4 {[%emt 0:00:10]} 14. Qc2 {[%emt 0:00:41]} axb5 {[%emt 0:00:
08]} 15. axb5 {[%emt 0:00:08]} Be7 {[%emt 0:00:45]} 16. Ne5 {[%emt 0:00:16]}
Bf6 {[%emt 0:00:58]} 17. bxc6 {[%emt 0:00:28]} Bxe5 {[%emt 0:00:02]} 18. cxb7 {
[%emt 0:00:33]} Bxb7 {[%emt 0:00:02]} 19. dxe5 {[%emt 0:00:36]} Qc7 {[%emt 0:
01:22]} 20. f3 {[%emt 0:01:05]} Nc5 {[%emt 0:00:04]} 21. cxd5 {[%emt 0:00:12]}
Bxd5 {[%emt 0:00:08]} 22. Be3 {[%emt 0:00:02]} Na6 {[%emt 0:00:22]} 23. Qxc7 {
[%emt 0:00:17]} Nxc7 {[%emt 0:00:02]} 24. Rfc1 {[%emt 0:00:03]} Rfc8 {[%emt 0:
00:06]} 25. Rb2 {[%emt 0:01:01]} Ne8 {[%emt 0:00:03]} 26. Rxc8 {[%emt 0:00:05]}
Rxc8 {[%emt 0:00:02]} 27. Kf2 {[%emt 0:00:06]} h6 {[%emt 0:00:23]} 28. h3 {
[%emt 0:00:19]} Ra8 {[%emt 0:00:31]} 29. g4 {[%emt 0:00:15]} fxg4 {[%emt 0:00:
06]} 30. hxg4 {[%emt 0:00:03]} Kf7 {[%emt 0:00:44]} 31. Rc2 {[%emt 0:00:11]}
Ra3 {[%emt 0:00:12]} 32. Bc1 {[%emt 0:00:07]} Ra4 {[%emt 0:00:26]} 33. Kg3 {
[%emt 0:01:13]} g5 {[%emt 0:00:53]} 34. Rc3 {[%emt 0:00:22]} Ra2 {[%emt 0:00:
06]} 35. Bf1 {[%emt 0:00:51]} Ng7 {[%emt 0:00:53]} 36. Rc7+ {[%emt 0:00:57]}
Kg6 {[%emt 0:00:02]} 37. e3 {[%emt 0:00:19]} h5 {[%emt 0:00:30]} 38. Bd3+ {
[%emt 0:00:02]} Kh6 {[%emt 0:00:01]} 39. Rf7 {[%emt 0:00:01]} h4+ {[%emt 0:00:
48]} 40. Kh3 {[%emt 0:00:02]} Nf5 {[%emt 0:00:14]} 41. e4 {[%emt 0:01:07]} Rf2
{[%emt 0:00:26]} 42. gxf5 {[%emt 0:00:15]} Rxf3+ {[%emt 0:00:02]} 43. Kh2 {
[%emt 0:00:06]} 1-0

[Event "Atviras BTA Lietuvos RAPID 2021"]
[Site "Vilnius, Lithuania"]
[Date "2021.07.17"]
[Round "6.3"]
[White "Stremavicius, Pijus"]
[Black "Ziogas, Modestas"]
[Result "1-0"]
[WhiteElo "2157"]
[BlackElo "2106"]
[PlyCount "97"]

1. d4 {[%emt 0:00:00]} d5 {[%emt 0:00:02]} 2. Nf3 {[%emt 0:00:00]} Nf6 {[%emt
0:00:01]} 3. g3 {[%emt 0:00:02]} h5 {[%emt 0:00:03]} 4. Bg2 {[%emt 0:00:02]}
Nc6 {[%emt 0:00:01]} 5. c4 {[%emt 0:00:02]} Bg4 {[%emt 0:00:02]} 6. Nc3 {[%emt
0:00:09]} e6 {[%emt 0:00:06]} 7. Bg5 {[%emt 0:00:12]} Be7 {[%emt 0:00:09]} 8.
h3 {[%emt 0:00:09]} Bf5 {[%emt 0:00:07]} 9. O-O {[%emt 0:00:13]} Ne4 {[%emt 0:
00:47]} 10. Bxe7 {[%emt 0:00:05]} Nxe7 {[%emt 0:00:16]} 11. Ne5 {[%emt 0:00:26]
} Nxc3 {[%emt 0:00:17]} 12. bxc3 {[%emt 0:00:01]} O-O {[%emt 0:00:04]} 13. cxd5
{[%emt 0:00:09]} exd5 {[%emt 0:00:15]} 14. e3 {[%emt 0:00:02]} Bg6 {[%emt 0:00:
24]} 15. c4 {[%emt 0:00:04]} c6 {[%emt 0:00:13]} 16. Qb3 {[%emt 0:00:05]} Rb8 {
[%emt 0:00:19]} 17. Rac1 {[%emt 0:00:10]} dxc4 {[%emt 0:00:15]} 18. Qxc4 {
[%emt 0:00:05]} Bf5 {[%emt 0:00:51]} 19. Rfd1 {[%emt 0:00:07]} Ng6 {[%emt 0:00:
32]} 20. Nxg6 {[%emt 0:00:18]} Bxg6 {[%emt 0:00:05]} 21. Qc5 {[%emt 0:00:03]}
Qb6 {[%emt 0:00:51]} 22. h4 {[%emt 0:00:08]} Qxc5 {[%emt 0:00:09]} 23. Rxc5 {
[%emt 0:00:01]} Rfe8 {[%emt 0:00:12]} 24. Bf3 {[%emt 0:00:04]} Rbd8 {[%emt 0:
00:48]} 25. Kg2 {[%emt 0:00:10]} f5 {[%emt 0:00:07]} 26. Rd2 {[%emt 0:00:19]}
Rd6 {[%emt 0:00:10]} 27. Rb2 {[%emt 0:00:03]} Re7 {[%emt 0:00:02]} 28. d5 {
[%emt 0:00:14]} cxd5 {[%emt 0:00:09]} 29. Bxd5+ {[%emt 0:00:03]} Bf7 {[%emt 0:
00:12]} 30. Bxb7 {[%emt 0:00:24]} g6 {[%emt 0:00:41]} 31. Bf3 {[%emt 0:00:15]}
Ra6 {[%emt 0:00:09]} 32. Bd5 {[%emt 0:00:11]} Kg7 {[%emt 0:00:15]} 33. Kf3 {
[%emt 0:00:04]} Bxd5+ {[%emt 0:00:26]} 34. Rxd5 {[%emt 0:00:01]} Rc7 {[%emt 0:
00:04]} 35. Rd4 {[%emt 0:00:35]} Kf6 {[%emt 0:00:03]} 36. Kf4 {[%emt 0:00:03]}
Re7 {[%emt 0:00:08]} 37. a4 {[%emt 0:00:28]} Ree6 {[%emt 0:00:13]} 38. Rb5 {
[%emt 0:00:09]} Rec6 {[%emt 0:00:04]} 39. Kf3 {[%emt 0:00:56]} Re6 {[%emt 0:00:
03]} 40. Rbb4 {[%emt 0:00:23]} Rec6 {[%emt 0:00:08]} 41. Rb7 {[%emt 0:00:02]}
Re6 {[%emt 0:00:49]} 42. Kf4 {[%emt 0:00:57]} Rec6 {[%emt 0:00:03]} 43. f3 {
[%emt 0:00:17]} Rc8 {[%emt 0:00:24]} 44. e4 {[%emt 0:00:24]} fxe4 {[%emt 0:00:
08]} 45. fxe4 {[%emt 0:00:01]} Rc1 {[%emt 0:00:16]} 46. e5+ {[%emt 0:00:33]}
Ke6 {[%emt 0:00:01]} 47. Rg7 {[%emt 0:01:42]} Rf1+ {[%emt 0:00:11]} 48. Kg5 {
[%emt 0:00:02]} Kxe5 {[%emt 0:00:35]} 49. Rd3 {[%emt 0:00:34]} 1-0

[Event "Atviras BTA Lietuvos RAPID 2021"]
[Site "Vilnius, Lithuania"]
[Date "2021.07.17"]
[Round "6.4"]
[White "Juknis, Paulius"]
[Black "Sulskis, Sarunas"]
[Result "0-1"]
[WhiteElo "2093"]
[BlackElo "2538"]
[PlyCount "120"]

1. e4 {[%emt 0:00:01]} e6 {[%emt 0:00:30]} 2. d4 {[%emt 0:00:02]} d5 {[%emt 0:
00:02]} 3. Bd3 {[%emt 0:00:01]} dxe4 {[%emt 0:00:11]} 4. Bxe4 {[%emt 0:00:01]}
Nf6 {[%emt 0:00:02]} 5. Bf3 {[%emt 0:00:01]} Nc6 {[%emt 0:00:43]} 6. Be3 {
[%emt 0:01:12]} e5 {[%emt 0:00:39]} 7. Bxc6+ {[%emt 0:00:13]} bxc6 {[%emt 0:00:
02]} 8. dxe5 {[%emt 0:00:01]} Qxd1+ {[%emt 0:00:23]} 9. Kxd1 {[%emt 0:00:01]}
Ng4 {[%emt 0:00:13]} 10. Nf3 {[%emt 0:00:32]} Ba6 {[%emt 0:00:22]} 11. Re1 {
[%emt 0:00:28]} O-O-O+ {[%emt 0:00:25]} 12. Nbd2 {[%emt 0:00:02]} Be7 {[%emt 0:
00:43]} 13. h3 {[%emt 0:01:16]} Nxe3+ {[%emt 0:00:05]} 14. Rxe3 {[%emt 0:00:01]
} Bc5 {[%emt 0:00:09]} 15. Rc3 {[%emt 0:00:03]} Bxf2 {[%emt 0:00:07]} 16. Rxc6
{[%emt 0:00:07]} Bf1 {[%emt 0:00:28]} 17. Rc3 {[%emt 0:00:58]} Rd5 {[%emt 0:00:
25]} 18. Rd3 {[%emt 0:01:50]} Bxd3 {[%emt 0:00:14]} 19. cxd3 {[%emt 0:00:00]}
Re8 {[%emt 0:00:39]} 20. Kc2 {[%emt 0:00:29]} Red8 {[%emt 0:00:26]} 21. Ne4 {
[%emt 0:00:58]} Bd4 {[%emt 0:00:08]} 22. Rf1 {[%emt 0:00:38]} Bxe5 {[%emt 0:00:
40]} 23. Nxe5 {[%emt 0:00:03]} Rxe5 {[%emt 0:00:02]} 24. Rxf7 {[%emt 0:00:02]}
Rd7 {[%emt 0:00:14]} 25. Rf8+ {[%emt 0:00:03]} Kb7 {[%emt 0:00:11]} 26. b4 {
[%emt 0:00:40]} Kc6 {[%emt 0:00:24]} 27. Kc3 {[%emt 0:00:16]} a5 {[%emt 0:00:
19]} 28. a3 {[%emt 0:00:29]} axb4+ {[%emt 0:00:03]} 29. axb4 {[%emt 0:00:02]}
Rde7 {[%emt 0:00:45]} 30. g4 {[%emt 0:00:22]} Re8 {[%emt 0:00:15]} 31. Rf7 {
[%emt 0:00:03]} R5e7 {[%emt 0:00:03]} 32. Rf5 {[%emt 0:00:03]} Ra8 {[%emt 0:00:
06]} 33. Rh5 {[%emt 0:00:19]} g6 {[%emt 0:00:15]} 34. Rc5+ {[%emt 0:00:01]} Kb6
{[%emt 0:00:05]} 35. Nf6 {[%emt 0:00:38]} c6 {[%emt 0:00:06]} 36. Ne4 {[%emt 0:
00:45]} Ra3+ {[%emt 0:00:06]} 37. Kc4 {[%emt 0:00:06]} Ra1 {[%emt 0:00:33]} 38.
h4 {[%emt 0:00:10]} Rc1+ {[%emt 0:00:12]} 39. Kd4 {[%emt 0:00:02]} Rd7+ {[%emt
0:00:20]} 40. Ke3 {[%emt 0:00:03]} Rxc5 {[%emt 0:00:16]} 41. bxc5+ {[%emt 0:00:
01]} Kb5 {[%emt 0:00:04]} 42. h5 {[%emt 0:00:13]} gxh5 {[%emt 0:00:03]} 43.
gxh5 {[%emt 0:00:01]} Kb4 {[%emt 0:00:14]} 44. Nf6 {[%emt 0:00:17]} Rf7 {[%emt
0:00:15]} 45. Ne4 {[%emt 0:00:04]} Rf5 {[%emt 0:00:03]} 46. h6 {[%emt 0:00:05]}
Rh5 {[%emt 0:00:06]} 47. Kd4 {[%emt 0:00:07]} Rxh6 {[%emt 0:00:04]} 48. Ke5 {
[%emt 0:00:04]} Rg6 {[%emt 0:00:09]} 49. d4 {[%emt 0:00:02]} Kc4 {[%emt 0:00:
21]} 50. Nd6+ {[%emt 0:00:03]} Kd3 {[%emt 0:00:04]} 51. d5 {[%emt 0:00:06]}
Rg5+ {[%emt 0:00:06]} 52. Nf5 {[%emt 0:00:01]} cxd5 {[%emt 0:00:09]} 53. c6 {
[%emt 0:00:01]} h5 {[%emt 0:00:12]} 54. c7 {[%emt 0:00:03]} Rg8 {[%emt 0:00:01]
} 55. Ne7 {[%emt 0:00:06]} Re8 {[%emt 0:00:02]} 56. Kxd5 {[%emt 0:00:03]} h4 {
[%emt 0:00:03]} 57. Kd6 {[%emt 0:00:10]} h3 {[%emt 0:00:06]} 58. Kd7 {[%emt 0:
00:01]} Rh8 {[%emt 0:00:08]} 59. Nc6 {[%emt 0:00:03]} h2 {[%emt 0:00:14]} 60.
Nd8 {[%emt 0:00:01]} Rh7+ {[%emt 0:00:03]} 0-1

[Event "Atviras BTA Lietuvos RAPID 2021"]
[Site "Vilnius, Lithuania"]
[Date "2021.07.17"]
[Round "6.5"]
[White "Sarakauskas, Gediminas"]
[Black "Povilaitis, Tomas"]
[Result "1-0"]
[WhiteElo "2342"]
[BlackElo "2024"]
[PlyCount "65"]

1. c4 {[%emt 0:17:52]} e5 {[%emt 0:00:01]} 2. g3 {[%emt 0:00:04]} Nc6 {[%emt 0:
00:02]} 3. Bg2 {[%emt 0:00:01]} Nf6 {[%emt 0:00:01]} 4. Nc3 {[%emt 0:00:07]}
Bb4 {[%emt 0:00:01]} 5. Nd5 {[%emt 0:00:14]} Bc5 {[%emt 0:00:05]} 6. a3 {[%emt
0:00:11]} d6 {[%emt 0:00:04]} 7. e3 {[%emt 0:00:08]} O-O {[%emt 0:00:05]} 8.
Ne2 {[%emt 0:00:08]} Bb6 {[%emt 0:00:50]} 9. O-O {[%emt 0:00:13]} Nxd5 {[%emt
0:00:15]} 10. cxd5 {[%emt 0:00:03]} Ne7 {[%emt 0:00:00]} 11. d4 {[%emt 0:00:29]
} Ng6 {[%emt 0:00:28]} 12. h3 {[%emt 0:01:09]} Bd7 {[%emt 0:01:02]} 13. Kh2 {
[%emt 0:00:02]} a5 {[%emt 0:00:15]} 14. dxe5 {[%emt 0:00:02]} Nxe5 {[%emt 0:00:
01]} 15. f4 {[%emt 0:01:42]} Nc4 {[%emt 0:00:48]} 16. Qb3 {[%emt 0:00:00]} Nxe3
{[%emt 0:01:14]} 17. Bxe3 {[%emt 0:00:02]} Bxe3 {[%emt 0:00:25]} 18. Qxe3 {
[%emt 0:00:02]} Re8 {[%emt 0:00:00]} 19. Qf2 {[%emt 0:00:09]} Bb5 {[%emt 0:00:
02]} 20. Rfe1 {[%emt 0:00:02]} Qf6 {[%emt 0:00:41]} 21. Nc3 {[%emt 0:00:02]}
Bc4 {[%emt 0:00:02]} 22. Rxe8+ {[%emt 0:00:23]} Rxe8 {[%emt 0:00:00]} 23. Re1 {
[%emt 0:00:49]} Rxe1 {[%emt 0:00:04]} 24. Qxe1 {[%emt 0:00:00]} g6 {[%emt 0:00:
04]} 25. Qe8+ {[%emt 0:00:16]} Kg7 {[%emt 0:00:00]} 26. Qc8 {[%emt 0:00:13]} b5
{[%emt 0:00:59]} 27. Qxc7 {[%emt 0:00:03]} Bd3 {[%emt 0:00:06]} 28. Qxa5 {
[%emt 0:00:20]} Qd4 {[%emt 0:00:04]} 29. Nxb5 {[%emt 0:00:23]} Qe3 {[%emt 0:00:
50]} 30. Nxd6 {[%emt 0:00:36]} Qe2 {[%emt 0:00:27]} 31. Qa7 {[%emt 0:00:27]}
Bf5 {[%emt 0:01:14]} 32. Qxf7+ {[%emt 0:00:07]} Kh6 {[%emt 0:00:00]} 33. Nxf5+
{[%emt 0:00:31]} 1-0

[Event "Atviras BTA Lietuvos RAPID 2021"]
[Site "Vilnius, Lithuania"]
[Date "2021.07.17"]
[Round "6.6"]
[White "Limontas, Martynas"]
[Black "Babrauskas, Darius"]
[Result "1-0"]
[WhiteElo "2294"]
[BlackElo "2000"]
[PlyCount "67"]

1. d4 {[%emt 0:00:02]} d5 {[%emt 0:00:02]} 2. Nc3 {[%emt 0:00:02]} c5 {[%emt 0:
00:32]} 3. e4 {[%emt 0:00:11]} dxe4 {[%emt 0:00:25]} 4. Bb5+ {[%emt 0:00:03]}
Bd7 {[%emt 0:00:09]} 5. dxc5 {[%emt 0:00:07]} e6 {[%emt 0:00:17]} 6. Be3 {
[%emt 0:00:27]} Nf6 {[%emt 0:00:09]} 7. Nge2 {[%emt 0:00:20]} a6 {[%emt 0:01:
10]} 8. Ba4 {[%emt 0:01:32]} Qc7 {[%emt 0:00:25]} 9. b4 {[%emt 0:00:25]} Bxa4 {
[%emt 0:00:34]} 10. Nxa4 {[%emt 0:00:02]} Nbd7 {[%emt 0:00:00]} 11. c3 {[%emt
0:00:31]} h5 {[%emt 0:00:29]} 12. h3 {[%emt 0:00:49]} Be7 {[%emt 0:00:02]} 13.
Qc2 {[%emt 0:00:27]} O-O {[%emt 0:00:48]} 14. O-O {[%emt 0:00:06]} e5 {[%emt 0:
01:32]} 15. Ng3 {[%emt 0:00:35]} Qc6 {[%emt 0:00:04]} 16. Nf5 {[%emt 0:00:05]}
Rfe8 {[%emt 0:00:25]} 17. Nxe7+ {[%emt 0:00:16]} Rxe7 {[%emt 0:00:01]} 18. Rad1
{[%emt 0:00:03]} Nd5 {[%emt 0:01:09]} 19. Qxe4 {[%emt 0:00:56]} N7f6 {[%emt 0:
00:01]} 20. Qc2 {[%emt 0:00:14]} Nxe3 {[%emt 0:00:43]} 21. fxe3 {[%emt 0:00:00]
} e4 {[%emt 0:00:06]} 22. Rd6 {[%emt 0:00:30]} Qb5 {[%emt 0:00:21]} 23. Nb6 {
[%emt 0:00:04]} Rb8 {[%emt 0:00:32]} 24. a4 {[%emt 0:00:08]} Qe8 {[%emt 0:00:
01]} 25. Qd2 {[%emt 0:00:07]} Re5 {[%emt 0:00:40]} 26. Rfxf6 {[%emt 0:00:32]}
gxf6 {[%emt 0:00:01]} 27. Nd7 {[%emt 0:00:00]} Kg7 {[%emt 0:00:23]} 28. Qf2 {
[%emt 0:00:44]} Re6 {[%emt 0:00:45]} 29. Rxe6 {[%emt 0:00:37]} fxe6 {[%emt 0:
00:02]} 30. Qxf6+ {[%emt 0:00:02]} Kh7 {[%emt 0:00:12]} 31. Qd4 {[%emt 0:00:29]
} Qd8 {[%emt 0:00:33]} 32. Qxe4+ {[%emt 0:00:09]} Kg8 {[%emt 0:00:01]} 33. Qg6+
{[%emt 0:00:35]} Kh8 {[%emt 0:00:03]} 34. Nf6 {[%emt 0:00:33]} 1-0

[Event "Atviras BTA Lietuvos RAPID 2021"]
[Site "Vilnius, Lithuania"]
[Date "2021.07.17"]
[Round "6.7"]
[White "Indriunas, Matas"]
[Black "Brazdzionis, Andrius"]
[Result "1-0"]
[WhiteElo "2022"]
[BlackElo "2235"]
[PlyCount "80"]

1. e4 {[%emt 0:00:00]} c5 {[%emt 0:00:05]} 2. Nf3 {[%emt 0:00:01]} d6 {[%emt 0:
00:03]} 3. d4 {[%emt 0:00:01]} cxd4 {[%emt 0:00:02]} 4. Nxd4 {[%emt 0:00:02]}
Nf6 {[%emt 0:00:02]} 5. Nc3 {[%emt 0:00:02]} a6 {[%emt 0:00:02]} 6. Bg5 {[%emt
0:00:05]} Nbd7 {[%emt 0:00:05]} 7. Qe2 {[%emt 0:00:11]} h6 {[%emt 0:00:08]} 8.
Bh4 {[%emt 0:00:08]} g6 {[%emt 0:00:04]} 9. f4 {[%emt 0:00:03]} e5 {[%emt 0:00:
10]} 10. fxe5 {[%emt 0:00:04]} dxe5 {[%emt 0:00:02]} 11. O-O-O {[%emt 0:00:08]}
Qc7 {[%emt 0:00:24]} 12. Nb3 {[%emt 0:00:26]} b5 {[%emt 0:00:16]} 13. Nd5 {
[%emt 0:00:02]} Nxd5 {[%emt 0:00:06]} 14. exd5 {[%emt 0:00:02]} Bd6 {[%emt 0:
02:16]} 15. Qd2 {[%emt 0:00:02]} f5 {[%emt 0:00:43]} 16. g4 {[%emt 0:00:05]} e4
{[%emt 0:00:24]} 17. Kb1 {[%emt 0:00:23]} g5 {[%emt 0:00:31]} 18. Bf2 {[%emt 0:
00:10]} Ne5 {[%emt 0:00:21]} 19. gxf5 {[%emt 0:00:12]} Nf3 {[%emt 0:01:25]} 20.
Qe2 {[%emt 0:02:04]} Bxf5 {[%emt 0:00:08]} 21. Nd4 {[%emt 0:00:58]} Nxd4 {
[%emt 0:00:21]} 22. Bxd4 {[%emt 0:00:02]} O-O {[%emt 0:00:15]} 23. h4 {[%emt 0:
00:31]} g4 {[%emt 0:00:06]} 24. Rg1 {[%emt 0:00:08]} h5 {[%emt 0:00:05]} 25.
Qd2 {[%emt 0:00:03]} Bf4 {[%emt 0:00:42]} 26. Be3 {[%emt 0:01:02]} Bxe3 {[%emt
0:00:38]} 27. Qxe3 {[%emt 0:00:02]} Bg6 {[%emt 0:00:27]} 28. d6 {[%emt 0:00:14]
} Qf7 {[%emt 0:00:10]} 29. Bg2 {[%emt 0:00:10]} Qf2 {[%emt 0:00:58]} 30. Qh6 {
[%emt 0:00:21]} Qf6 {[%emt 0:00:26]} 31. Rgf1 {[%emt 0:00:12]} Qg7 {[%emt 0:00:
01]} 32. Qg5 {[%emt 0:00:15]} Kh7 {[%emt 0:00:42]} 33. d7 {[%emt 0:00:40]} Rxf1
{[%emt 0:00:27]} 34. Bxf1 {[%emt 0:00:04]} Qf8 {[%emt 0:00:07]} 35. d8=Q {
[%emt 0:00:13]} Rxd8 {[%emt 0:00:01]} 36. Qxd8 {[%emt 0:00:02]} Qxd8 {[%emt 0:
00:08]} 37. Rxd8 {[%emt 0:00:03]} g3 {[%emt 0:00:01]} 38. Bg2 {[%emt 0:00:11]}
Kg7 {[%emt 0:00:04]} 39. Kc1 {[%emt 0:00:05]} Kf6 {[%emt 0:00:02]} 40. Kd2 {
[%emt 0:00:02]} 1-0

[Event "Atviras BTA Lietuvos RAPID 2021"]
[Site "Vilnius, Lithuania"]
[Date "2021.07.17"]
[Round "6.8"]
[White "Sumskis, Rimvydas"]
[Black "Vedrickas, Tautvydas"]
[Result "0-1"]
[WhiteElo "1882"]
[BlackElo "2235"]
[PlyCount "71"]

1. e4 {[%emt 0:09:00]} g6 {[%emt 0:00:02]} 2. d4 {[%emt 0:00:17]} Bg7 {[%emt 0:
00:01]} 3. Nc3 {[%emt 0:00:07]} d6 {[%emt 0:00:02]} 4. h4 {[%emt 0:00:07]} h6 {
[%emt 0:00:09]} 5. Be3 {[%emt 0:00:01]} a6 6. Qd2 {[%emt 0:00:08]} Nd7 {[%emt
0:00:01]} 7. O-O-O {[%emt 0:00:08]} b5 {[%emt 0:00:02]} 8. Bd3 {[%emt 0:00:06]}
Bb7 {[%emt 0:00:03]} 9. f3 {[%emt 0:00:08]} Rc8 {[%emt 0:00:01]} 10. Kb1 {
[%emt 0:00:11]} c5 {[%emt 0:00:02]} 11. dxc5 {[%emt 0:00:07]} Nxc5 {[%emt 0:00:
01]} 12. Nd5 {[%emt 0:00:08]} e6 {[%emt 0:00:01]} 13. Nf4 {[%emt 0:00:10]} Na4
14. e5 {[%emt 0:00:09]} Bxe5 {[%emt 0:00:01]} 15. Bxg6 {[%emt 0:00:12]} Qf6 {
[%emt 0:00:04]} 16. Bxf7+ {[%emt 0:00:07]} Qxf7 17. Nd3 {[%emt 0:00:10]} Bg7 {
[%emt 0:00:03]} 18. Ne2 {[%emt 0:00:07]} Ne7 {[%emt 0:00:02]} 19. Bd4 {[%emt 0:
00:08]} e5 {[%emt 0:00:01]} 20. Be3 {[%emt 0:00:07]} Nf5 {[%emt 0:00:02]} 21.
Bf2 {[%emt 0:00:08]} O-O {[%emt 0:00:02]} 22. g4 {[%emt 0:00:10]} Nd4 {[%emt 0:
00:02]} 23. Nxd4 {[%emt 0:00:12]} exd4 {[%emt 0:00:01]} 24. f4 {[%emt 0:00:08]}
Bxh1 {[%emt 0:00:01]} 25. Rxh1 {[%emt 0:00:15]} Nc5 {[%emt 0:00:05]} 26. f5 {
[%emt 0:00:06]} Qd5 {[%emt 0:00:02]} 27. Rc1 {[%emt 0:00:10]} Nxd3 {[%emt 0:00:
03]} 28. Qxd3 {[%emt 0:00:08]} Qc4 {[%emt 0:00:03]} 29. Qd2 {[%emt 0:00:09]} d3
{[%emt 0:00:03]} 30. cxd3 {[%emt 0:00:29]} Qxc1+ {[%emt 0:00:02]} 31. Qxc1 {
[%emt 0:00:07]} Rxc1+ {[%emt 0:00:02]} 32. Kxc1 {[%emt 0:00:09]} Re8 33. Kd2 {
[%emt 0:00:08]} Bxb2 {[%emt 0:00:08]} 34. g5 {[%emt 0:00:12]} hxg5 {[%emt 0:00:
01]} 35. hxg5 {[%emt 0:00:09]} Re5 {[%emt 0:00:11]} 36. Kd1 {[%emt 0:00:09]}
0-1